Baseball Retired Numbers Chicago Cubs - Statistics

General Stats
  • This quiz has been taken 106 times
  • The average score is 6 of 7
Answer Stats
# Player % Correct
14 Ernie Banks
94%
42 Jackie Robinson
88%
23 Ryne Sandberg
88%
10 Ron Santo
81%
31 Fergie Jenkins
76%
31 Greg Maddux
65%
26 Billy Williams
63%
No matching quizzes found
Score Distribution
Percent of People with Each Score
Percentile by Number Answered
Your Score History
You have not taken this quiz